000 00366pab a2200145 454500
008 180718b2005 xxu||||| |||| 00| 0 eng d
100 _aLachapelle, Guy
245 _aGlobalization and governance: aspiring to a fairer globalization
260 _c2005
300 _ap.52-60.
362 _aMar
650 _aGlobalization
773 _aDevelopment
909 _a70316
999 _c70316
_d70316